| 000 | 00538nam a22001937a 4500 | ||
|---|---|---|---|
| 003 | MPLRDC | ||
| 005 | 20220104124145.0 | ||
| 008 | 210129b ||||| |||| 00| 0 eng d | ||
| 020 | _a957-9697-26-4 | ||
| 082 | _a541.776 HOR | ||
| 100 | _aTHOMAS R.HORTON | ||
| 245 |
_a最高领导艺术: 十六位卓越总裁现身说法 _c徐秀菊译 |
||
| 250 | _a三版 | ||
| 260 |
_a _b卓越文化事业股份有限 _c1991 |
||
| 300 | _b平 | ||
| 490 | _a卓越丛书. 48 | ||
| 650 | _a社会心理学--领导论 | ||
| 942 |
_cBK _o541.776 HOR |
||
| 999 |
_c17082 _d17072 |
||